[Event "Edmonton-ch"]
[Site "Edmonton CAN"]
[Date "2017.01.26"]
[Round "2.2"]
[White "Gardner, Robert"]
[Black "Grumic, Sasha"]
[Result "0-1"]
[WhiteElo "2288"]
[BlackElo "2227"]
[WhiteFideId "-1"]
[WhiteFideId "-1"]
[PlyCount "132"]
[GameId "2160767908475071"]
[EventDate "2017.01.05"]
[EventType "k.o."]
[EventRounds "4"]
[EventCountry "CAN"]
[SourceTitle "EXT 2022"]
[Source "ChessBase"]
[SourceDate "2021.10.06"]
[SourceVersion "1"]
[SourceVersionDate "2021.10.06"]
[SourceQuality "1"]

1. d4 Nf6 2. c4 e5 3. dxe5 Ng4 4. Nf3 Nc6 5. e3 Ngxe5 6. Nxe5 Nxe5 7. f4 Nc6 8. Be2 Bc5 9. O-O O-O 10. Nc3 Re8 11. Rf3 d6 12. Rg3 Ne7 13. Bd3 Bf5 14. Na4 c6 15. Qc2 Qa5 16. Nc3 Bxd3 17. Qxd3 Nf5 18. Rh3 g6 19. Bd2 Qd8 20. g4 Ng7 21. Ne4 Ne6 22. Rf1 d5 23. cxd5 cxd5 24. Ng3 Qf6 25. Kh1 Bb6 26. Bc3 d4 27. Ne4 Qd8 28. exd4 Nxd4 29. Bxd4 Bxd4 30. Ng5 h6 31. Rxh6 Qd5+ 32. Nf3 Re4 33. f5 Kg7 34. Rh7+ Kg8 35. fxg6 fxg6 36. Rc7 Rf8 37. h3 b5 38. Qb3 Qxb3 39. axb3 Re3 40. Kg2 Re2+ 41. Kg3 Re3 42. Rd7 Bb6 43. h4 Rxb3 44. h5 g5 45. Rd5 Be3 46. Rfd1 Bf4+ 47. Kg2 Rxb2+ 48. Kh1 b4 49. Nd4 Rh2+ 50. Kg1 Rh4 51. Nf5 Rxg4+ 52. Kh1 Ra8 53. Rd8+ Rxd8 54. Rxd8+ Kh7 55. Rd7+ Kh8 56. Rxa7 Be5 57. Ra5 Bc3 58. Rb5 Rf4 59. Kg2 b3 60. Ne7 Rb4 61. Rc5 b2 62. Ng6+ Kg7 63. Rc7+ Kh6 64. Nf8 Kxh5 65. Kh3 Rh4+ 66. Kg3 Be5+ 0-1

[Event "Edmonton-ch"]
[Site "Edmonton CAN"]
[Date "2017.01.26"]
[Round "2.2"]
[White "Miller, David"]
[Black "Zeggelaar, Mike"]
[Result "1/2-1/2"]
[WhiteElo "2231"]
[BlackElo "1960"]
[WhiteFideId "-1"]
[WhiteFideId "-1"]
[PlyCount "46"]
[GameId "2160767908475072"]
[EventDate "2017.01.05"]
[EventType "k.o."]
[EventRounds "4"]
[EventCountry "CAN"]
[SourceTitle "EXT 2022"]
[Source "ChessBase"]
[SourceDate "2021.10.06"]
[SourceVersion "1"]
[SourceVersionDate "2021.10.06"]
[SourceQuality "1"]

1. e4 d6 2. d4 g6 3. Nc3 a6 4. Bd3 Bg7 5. Nf3 e5 6. dxe5 dxe5 7. O-O Ne7 8. Re1 O-O 9. Bg5 Nbc6 10. a3 Be6 11. Qd2 Qd7 12. Bh6 Nd4 13. Nxd4 Qxd4 14. Bxg7 Kxg7 15. Ne2 Qd6 16. Rad1 Rad8 17. Ng3 c5 18. Qg5 h6 19. Nh5+ Kh7 20. Nf6+ Kg7 21. Nh5+ Kh7 22. Nf6+ Kg7 23. Nh5+ Kh7 1/2-1/2

[Event "Edmonton-ch"]
[Site "Edmonton CAN"]
[Date "2017.01.26"]
[Round "2.2"]
[White "Valencia, Belsar"]
[Black "Kalisvaart, Peter"]
[Result "1/2-1/2"]
[WhiteElo "2366"]
[BlackElo "2090"]
[WhiteFideId "-1"]
[WhiteFideId "-1"]
[PlyCount "96"]
[GameId "2160767908475073"]
[EventDate "2017.01.05"]
[EventType "k.o."]
[EventRounds "4"]
[EventCountry "CAN"]
[SourceTitle "EXT 2022"]
[Source "ChessBase"]
[SourceDate "2021.10.06"]
[SourceVersion "1"]
[SourceVersionDate "2021.10.06"]
[SourceQuality "1"]

1. c4 Nf6 2. Nc3 g6 3. g3 Bg7 4. Bg2 d6 5. d4 O-O 6. Nf3 Nc6 7. O-O a6 8. h3 Rb8 9. Be3 Na5 10. Nd2 b5 11. cxb5 axb5 12. b4 Nc4 13. Nxc4 bxc4 14. b5 Bd7 15. Rb1 Qc8 16. Kh2 d5 17. Bf4 Be6 18. Be5 Ne4 19. Nxe4 Bxe5 20. dxe5 dxe4 21. Qc2 c6 22. bxc6 Qxc6 23. Bxe4 Qc5 24. Rxb8 Rxb8 25. Qc3 Rb5 26. Bc2 Qxe5 27. Qxe5 Rxe5 28. e4 Rh5 29. a4 Bxh3 30. Ra1 Bd7+ 31. Kg2 Ra5 32. Kf3 Kg7 33. Ke3 e5 34. Kd2 Be6 35. Kc3 Kf6 36. Kb4 Ra8 37. a5 Ke7 38. Kc5 Kd7 39. Ba4+ Kc7 40. Bc6 Ra6 41. Bb5 Ra7 42. a6 h5 43. f4 exf4 44. gxf4 h4 45. Bxc4 Bxc4 46. Kxc4 Kb6 47. Kd5 Rxa6 48. Rh1 Kc7 1/2-1/2

[Event "Edmonton-ch"]
[Site "Edmonton CAN"]
[Date "2017.02.02"]
[Round "3.1"]
[White "Grumic, Sasha"]
[Black "Reeve, Jeff"]
[Result "0-1"]
[WhiteElo "2227"]
[BlackElo "2310"]
[WhiteFideId "-1"]
[WhiteFideId "-1"]
[PlyCount "84"]
[GameId "2160767908475074"]
[EventDate "2017.01.05"]
[EventType "k.o."]
[EventRounds "4"]
[EventCountry "CAN"]
[SourceTitle "EXT 2022"]
[Source "ChessBase"]
[SourceDate "2021.10.06"]
[SourceVersion "1"]
[SourceVersionDate "2021.10.06"]
[SourceQuality "1"]

1. g3 g6 2. Bg2 Bg7 3. Nf3 Nf6 4. O-O O-O 5. c4 d6 6. d4 Nbd7 7. Nc3 e5 8. h3 a6 9. Rb1 Re8 10. b4 exd4 11. Nxd4 c5 12. bxc5 Nxc5 13. Nd5 Nxd5 14. cxd5 Bd7 15. Bb2 Rc8 16. Nb3 Bxb2 17. Nxc5 Rxc5 18. Rxb2 b5 19. e4 Qf6 20. Rd2 Rec8 21. f4 b4 22. Re1 Qc3 23. Kh2 Ra5 24. Qe2 Bb5 25. Qf2 Bc4 26. Re3 Qf6 27. Rf3 Qa1 28. f5 Rxa2 29. f6 h6 30. Qe3 Kh7 31. Rxa2 Qxa2 32. Rf4 g5 33. Rf5 Qe2 34. Qa7 Rf8 35. Qe7 Kg8 36. Qxd6 b3 37. Qc5 b2 38. d6 Qd2 39. Qb6 Bb5 40. Rxb5 axb5 41. Qxb5 Qc2 42. d7 b1=Q 0-1

[Event "Edmonton-ch"]
[Site "Edmonton CAN"]
[Date "2017.02.02"]
[Round "3.1"]
[White "Valencia, Belsar"]
[Black "Miller, David"]
[Result "1-0"]
[WhiteElo "2366"]
[BlackElo "2231"]
[WhiteFideId "-1"]
[WhiteFideId "-1"]
[PlyCount "81"]
[GameId "2160767908475075"]
[EventDate "2017.01.05"]
[EventType "k.o."]
[EventRounds "4"]
[EventCountry "CAN"]
[SourceTitle "EXT 2022"]
[Source "ChessBase"]
[SourceDate "2021.10.06"]
[SourceVersion "1"]
[SourceVersionDate "2021.10.06"]
[SourceQuality "1"]

1. c4 Nf6 2. Nc3 g6 3. d4 Bg7 4. e4 O-O 5. Bg5 c5 6. d5 Qa5 7. Bd2 d6 8. Bd3 e6 9. Nge2 Nbd7 10. b3 a6 11. a4 Qc7 12. a5 exd5 13. exd5 b6 14. axb6 Qxb6 15. O-O Rb8 16. Bc2 Nh5 17. Rb1 f5 18. Na4 Qd8 19. Qc1 Qe7 20. Re1 Qf7 21. b4 f4 22. f3 Qf6 23. bxc5 Rxb1 24. Qxb1 dxc5 25. Bc3 Qg5 26. Bxg7 Nxg7 27. Kh1 Nf5 28. Bxf5 Rxf5 29. Nec3 Re5 30. Ne4 Qe7 31. Nb2 Qh4 32. Re2 Rh5 33. Qg1 Qe7 34. Nd3 Rf5 35. Ng3 Re5 36. Nxe5 fxg3 37. hxg3 Nf6 38. Qe3 Qd6 39. Kg1 a5 40. Qa3 Qc7 41. Nc6 1-0

[Event "Edmonton-ch"]
[Site "Edmonton CAN"]
[Date "2017.02.09"]
[Round "3.2"]
[White "Miller, David"]
[Black "Valencia, Belsar"]
[Result "0-1"]
[WhiteElo "2231"]
[BlackElo "2366"]
[WhiteFideId "-1"]
[WhiteFideId "-1"]
[PlyCount "48"]
[GameId "2160767908475076"]
[EventDate "2017.01.05"]
[EventType "k.o."]
[EventRounds "4"]
[EventCountry "CAN"]
[SourceTitle "EXT 2022"]
[Source "ChessBase"]
[SourceDate "2021.10.06"]
[SourceVersion "1"]
[SourceVersionDate "2021.10.06"]
[SourceQuality "1"]

1. e4 c5 2. Nf3 Nc6 3. d4 cxd4 4. Nxd4 Nf6 5. Nc3 d6 6. Bc4 Qb6 7. Nxc6 bxc6 8. O-O g6 9. Bb3 Bg7 10. Be3 Qc7 11. f4 Ng4 12. Bd4 O-O 13. Bxg7 Kxg7 14. Qd4+ f6 15. h3 Nh6 16. Qd2 Ba6 17. Rf3 Rad8 18. f5 Qa5 19. Re1 Nf7 20. Rg3 Ne5 21. Qf2 Qb6 22. Ree3 g5 23. Kh2 Kh8 24. h4 gxh4 0-1

[Event "Edmonton-ch"]
[Site "Edmonton CAN"]
[Date "2017.02.09"]
[Round "3.2"]
[White "Reeve, Jeff"]
[Black "Grumic, Sasha"]
[Result "1-0"]
[WhiteElo "2310"]
[BlackElo "2227"]
[WhiteFideId "-1"]
[WhiteFideId "-1"]
[PlyCount "73"]
[GameId "2160767908475077"]
[EventDate "2017.01.05"]
[EventType "k.o."]
[EventRounds "4"]
[EventCountry "CAN"]
[SourceTitle "EXT 2022"]
[Source "ChessBase"]
[SourceDate "2021.10.06"]
[SourceVersion "1"]
[SourceVersionDate "2021.10.06"]
[SourceQuality "1"]

1. e4 c5 2. Nf3 d6 3. Bb5+ Nd7 4. d4 cxd4 5. Qxd4 a6 6. Bxd7+ Bxd7 7. Nc3 e5 8. Qd3 h6 9. O-O Nf6 10. a4 Qc7 11. Be3 Rc8 12. a5 Be7 13. Rfc1 O-O 14. Nd2 Be6 15. Nd5 Bxd5 16. exd5 Nd7 17. c4 f5 18. f3 e4 19. fxe4 Ne5 20. Qe2 Ng4 21. Bb6 Qd7 22. exf5 Rxf5 23. h3 Ne5 24. Rf1 Rcf8 25. b3 Bd8 26. Bxd8 Qxd8 27. Rxf5 Rxf5 28. Ne4 Qh4 29. Rf1 Rxf1+ 30. Kxf1 Qf4+ 31. Kg1 Qc1+ 32. Kh2 Qf4+ 33. g3 Qf8 34. Qf2 Qd8 35. Kg2 h5 36. Qf5 Qxa5 37. Qe6+ 1-0

[Event "Edmonton-ch"]
[Site "Edmonton CAN"]
[Date "2017.02.16"]
[Round "4.1"]
[White "Reeve, Jeff"]
[Black "Valencia, Belsar"]
[Result "1/2-1/2"]
[WhiteElo "2310"]
[BlackElo "2366"]
[WhiteFideId "-1"]
[WhiteFideId "-1"]
[PlyCount "106"]
[GameId "2160767908475078"]
[EventDate "2017.01.05"]
[EventType "k.o."]
[EventRounds "4"]
[EventCountry "CAN"]
[SourceTitle "EXT 2022"]
[Source "ChessBase"]
[SourceDate "2021.10.06"]
[SourceVersion "1"]
[SourceVersionDate "2021.10.06"]
[SourceQuality "1"]

1. e4 c5 2. Nf3 e6 3. d4 cxd4 4. Nxd4 Nc6 5. Nc3 Nf6 6. Ndb5 d6 7. Bf4 e5 8. Bg5 a6 9. Na3 b5 10. Nd5 Be7 11. Bxf6 Bxf6 12. c4 b4 13. Nc2 Rb8 14. b3 a5 15. g3 O-O 16. Bg2 Bg5 17. O-O Ne7 18. Nce3 Bxe3 19. Nxe3 Be6 20. Qd3 Qb6 21. Rfd1 Nc6 22. Rd2 Rbd8 23. Rad1 g6 24. Nc2 Rd7 25. Qe2 Rfd8 26. h4 h6 27. Kh2 Kg7 28. Bh3 Bxh3 29. Kxh3 Qc7 30. h5 Ne7 31. Ne3 Ng8 32. Nd5 Qc5 33. Qf3 Ra8 34. Kg2 a4 35. Qg4 Rda7 36. hxg6 fxg6 37. Qe6 Rf8 38. Ne3 Rf6 39. Qd5 axb3 40. axb3 Qc8 41. Qb5 Rb7 42. Qa5 Qc6 43. Nd5 Rf8 44. Ra1 Nf6 45. Nxf6 Rxf6 46. Qd5 Qb6 47. c5 dxc5 48. Qxe5 Qe6 49. Qd5 Re7 50. Qxe6 Rfxe6 51. f3 g5 52. g4 Rc7 53. Rc1 Ra6 1/2-1/2

[Event "Edmonton-ch"]
[Site "Edmonton CAN"]
[Date "2017.02.23"]
[Round "4.2"]
[White "Valencia, Belsar"]
[Black "Reeve, Jeff"]
[Result "1-0"]
[WhiteElo "2366"]
[BlackElo "2310"]
[WhiteFideId "-1"]
[WhiteFideId "-1"]
[PlyCount "97"]
[GameId "2160767908475079"]
[EventDate "2017.01.05"]
[EventType "k.o."]
[EventRounds "4"]
[EventCountry "CAN"]
[SourceTitle "EXT 2022"]
[Source "ChessBase"]
[SourceDate "2021.10.06"]
[SourceVersion "1"]
[SourceVersionDate "2021.10.06"]
[SourceQuality "1"]

1. d4 Nf6 2. c4 g6 3. Nc3 Bg7 4. e4 d6 5. f3 O-O 6. Nge2 Nbd7 7. Bg5 c5 8. d5 a6 9. a4 h6 10. Be3 Ne5 11. Ng3 h5 12. Be2 h4 13. Nf1 h3 14. g4 e6 15. Ng3 exd5 16. cxd5 Qb6 17. Rb1 Qb4 18. O-O Bd7 19. Qc2 b5 20. b3 Qa5 21. Rfc1 Rfb8 22. axb5 axb5 23. g5 Nh7 24. Qd2 Qd8 25. b4 c4 26. f4 Ng4 27. Bd4 Bxd4+ 28. Qxd4 Qb6 29. Qxb6 Rxb6 30. Bxg4 Bxg4 31. Kf2 Bd7 32. Ra1 Rba6 33. Rxa6 Rxa6 34. Nge2 f6 35. gxf6 Nxf6 36. Kg3 Ra3 37. Kh4 Kg7 38. e5 Nh7 39. e6 Be8 40. Kxh3 Nf6 41. Kh4 Rb3 42. Rc2 Ra3 43. Nd4 Ra6 44. Rg2 Kh6 45. f5 gxf5 46. Nxf5+ Kh7 47. Rg7+ Kh8 48. Kg5 Ng8 49. Rb7 1-0

[Event "Festival St-Denis"]
[Site "Montreal CAN"]
[Date "2017.07.22"]
[Round "1.1"]
[White "Sambuev, Bator"]
[Black "Durette, Francis"]
[Result "1-0"]
[WhiteElo "2626"]
[BlackElo "2094"]
[WhiteFideId "-1"]
[WhiteFideId "-1"]
[PlyCount "59"]
[GameId "2160767908347757"]
[EventDate "2017.07.22"]
[EventType "swiss"]
[EventRounds "9"]
[EventCountry "CAN"]
[SourceTitle "hb 2017"]

1. e4 e5 2. Nf3 Nc6 3. Bc4 Bc5 4. c3 Nf6 5. d3 O-O 6. b4 Bb6 7. a4 a6 8. Bg5 d6 9. Nbd2 h6 10. Bh4 Bg4 11. h3 Be6 12. g4 g5 13. Bg3 Qd7 14. Bxe6 Qxe6 15. h4 Nh7 16. hxg5 Nxg5 17. Nh4 Ne7 18. Nf5 Nxf5 19. gxf5 Qf6 20. Qh5 Kg7 21. Ke2 Rg8 22. Rag1 c6 23. Nc4 Bd8 24. Nxe5 Rh8 25. f4 Bc7 26. Bf2 dxe5 27. fxg5 Qd8 28. f6+ Kf8 29. g6 Rg8 30. gxf7 1-0

[Event "Festival St-Denis"]
[Site "Montreal CAN"]
[Date "2017.07.22"]
[Round "1.2"]
[White "Johnson-Constantin, Mathieu"]
[Black "Mikhalevski, Victor"]
[Result "0-1"]
[WhiteElo "2048"]
[BlackElo "2600"]
[WhiteFideId "-1"]
[WhiteFideId "-1"]
[PlyCount "78"]
[GameId "2160767908347758"]
[EventDate "2017.07.22"]
[EventType "swiss"]
[EventRounds "9"]
[EventCountry "CAN"]

1. e4 e5 2. Nf3 Nc6 3. Bb5 g6 4. O-O Bg7 5. Re1 Nge7 6. c3 a6 7. Ba4 O-O 8. d4 exd4 9. cxd4 b5 10. Bb3 d6 11. h3 Na5 12. Bc2 c5 13. Bg5 h6 14. Bh4 Nac6 15. e5 dxe5 16. dxe5 Qxd1 17. Rxd1 g5 18. Bg3 Bf5 19. Bxf5 Nxf5 20. Bh2 Nfd4 21. Nbd2 Rfe8 22. Nxd4 cxd4 23. Nf3 Rad8 24. Rac1 Nxe5 25. Nxd4 Nc4 26. Nf5 Bxb2 27. Rxd8 Rxd8 28. Rb1 Bg7 29. Re1 Kh7 30. Bc7 Rd3 31. f4 b4 32. Rf1 Rd7 33. Bb8 a5 34. fxg5 hxg5 35. h4 gxh4 36. Rf4 Ne5 37. Rxh4+ Kg6 38. Ng3 f5 39. Rf4 Nc6 0-1

[Event "Festival St-Denis"]
[Site "Montreal CAN"]
[Date "2017.07.22"]
[Round "1.5"]
[White "Bakre, Tejas"]
[Black "Gagnon, Boris"]
[Result "1-0"]
[WhiteElo "2449"]
[BlackElo "1962"]
[WhiteFideId "-1"]
[WhiteFideId "-1"]
[PlyCount "80"]
[GameId "2160767908347760"]
[EventDate "2017.07.22"]
[EventType "swiss"]
[EventRounds "9"]
[EventCountry "CAN"]
[SourceTitle "hb 2017"]

1. Nf3 Nf6 2. c4 g6 3. Nc3 Bg7 4. e4 d6 5. d4 O-O 6. Be2 Nbd7 7. O-O e5 8. Be3 Re8 9. d5 Ng4 10. Bg5 f6 11. Bd2 f5 12. Ng5 Nf8 13. exf5 gxf5 14. Bxg4 fxg4 15. Nge4 Bf5 16. Bg5 Qd7 17. f3 h6 18. Bxh6 Nh7 19. Bxg7 Qxg7 20. Ng3 Bd7 21. Nce4 gxf3 22. Qxf3 Rf8 23. Qd3 Rxf1+ 24. Rxf1 Rf8 25. Nh5 Rxf1+ 26. Qxf1 Qf7 27. Nhf6+ Nxf6 28. Qxf6 Bf5 29. Qg5+ Kf8 30. Ng3 Bd3 31. b3 b5 32. cxb5 Qxd5 33. Qd8+ Kf7 34. Qxc7+ Kg6 35. Qxa7 Bxb5 36. h4 Bc6 37. h5+ Kh6 38. Qf2 Qe6 39. Qf8+ Kg5 40. Qg7+ Kh4 1-0

[Event "Festival St-Denis"]
[Site "Montreal CAN"]
[Date "2017.07.22"]
[Round "1.6"]
[White "Gauthier, Denis"]
[Black "Leveille, Francois"]
[Result "0-1"]
[WhiteElo "1944"]
[BlackElo "2310"]
[WhiteFideId "-1"]
[WhiteFideId "-1"]
[PlyCount "64"]
[GameId "2160767908347761"]
[EventDate "2017.07.22"]
[EventType "swiss"]
[EventRounds "9"]
[EventCountry "CAN"]
[SourceTitle "hb 2017"]

1. d4 Nf6 2. c4 g6 3. Nc3 Bg7 4. Nf3 O-O 5. Bf4 d5 6. e3 c5 7. dxc5 Qa5 8. Rc1 dxc4 9. Bxc4 Qxc5 10. Bb3 Qa5 11. O-O Na6 12. a3 Bg4 13. h3 Rad8 14. Qe2 Bxf3 15. Qxf3 Qb6 16. Bd5 Qxb2 17. Bxb7 Nc5 18. Bc6 Nd3 19. Na4 Qxa3 20. Ra1 Qb3 21. Bh2 Qe6 22. Rab1 Ne5 23. Bxe5 Qxe5 24. Rb7 a5 25. Rb5 Qc7 26. Rb7 Qd6 27. Rbb1 Rc8 28. Bb7 Rc2 29. Rfd1 Qc7 30. g4 h5 31. g5 Nh7 32. h4 Rc4 0-1

[Event "Festival St-Denis"]
[Site "Montreal CAN"]
[Date "2017.07.22"]
[Round "1.7"]
[White "Lopez Linares, Lizandro"]
[Black "Guipi Bopala, Prince Eric jr"]
[Result "1/2-1/2"]
[WhiteElo "2290"]
[BlackElo "1941"]
[WhiteFideId "-1"]
[WhiteFideId "-1"]
[PlyCount "86"]
[GameId "2160767908347762"]
[EventDate "2017.07.22"]
[EventType "swiss"]
[EventRounds "9"]
[EventCountry "CAN"]
[SourceTitle "hb 2017"]

1. Nf3 d5 2. d4 e6 3. c4 Be7 4. Nc3 Nf6 5. Bf4 c6 6. e3 O-O 7. Rc1 Nbd7 8. Bd3 Re8 9. h3 Nf8 10. O-O Ng6 11. Bh2 Bd6 12. Ne5 Bxe5 13. dxe5 Nd7 14. f4 Qb6 15. Qe2 Nc5 16. Bb1 Bd7 17. Kh1 Rad8 18. Bg1 Qa6 19. e4 Nxe4 20. Nxe4 dxe4 21. Qxe4 Bc8 22. Be3 Qa5 23. h4 c5 24. h5 Nf8 25. Qf3 Qc7 26. h6 g6 27. Rce1 Qe7 28. Qg3 Rd7 29. f5 exf5 30. Bg5 Qe6 31. b3 Rd4 32. Bf6 Rg4 33. Qc3 Bd7 34. Qa5 Bc6 35. Rf2 b6 36. Qxa7 Qxf6 37. exf6 Rxe1+ 38. Kh2 Rxb1 39. Qb8 Rh4+ 40. Kg3 Rg4+ 41. Kh2 Rh4+ 42. Kg3 Rg4+ 43. Kh2 Rh4+ 1/2-1/2

[Event "Festival St-Denis"]
[Site "Montreal CAN"]
[Date "2017.07.22"]
[Round "1.9"]
[White "Huang, Qiuyu"]
[Black "Haji Ghanbari, Nader"]
[Result "1-0"]
[WhiteElo "2265"]
[BlackElo "1859"]
[WhiteFideId "-1"]
[WhiteFideId "-1"]
[PlyCount "73"]
[GameId "2160767908347764"]
[EventDate "2017.07.22"]
[EventType "swiss"]
[EventRounds "9"]
[EventCountry "CAN"]
[SourceTitle "hb 2017"]

1. e4 c5 2. Nf3 e6 3. d4 cxd4 4. Nxd4 a6 5. Bd3 Qc7 6. c4 Nf6 7. Nc3 Be7 8. Be3 d6 9. O-O Nbd7 10. Rc1 O-O 11. b4 b6 12. Na4 Bb7 13. f3 Rac8 14. Qd2 Qb8 15. Nb3 Bd8 16. Qf2 Bc7 17. Kh1 d5 18. exd5 exd5 19. c5 Bc6 20. Nxb6 Rce8 21. Nd4 Ne5 22. Bb1 Bb5 23. Nxb5 axb5 24. Bd4 g6 25. f4 Ned7 26. Qb2 Re6 27. f5 Rc6 28. a4 Bxb6 29. cxb6 Ng4 30. g3 Rcc8 31. axb5 Nxb6 32. Rxc8 Nxc8 33. Rf4 Qxb5 34. Qd2 Nh6 35. Bd3 Qd7 36. fxg6 hxg6 37. Rh4 1-0

[Event "Festival St-Denis"]
[Site "Montreal CAN"]
[Date "2017.07.22"]
[Round "1.11"]
[White "Voskanyan, Vahagn"]
[Black "Vignalou, Joseph"]
[Result "1-0"]
[WhiteElo "2255"]
[BlackElo "1848"]
[WhiteFideId "-1"]
[WhiteFideId "-1"]
[PlyCount "81"]
[GameId "2160767908347766"]
[EventDate "2017.07.22"]
[EventType "swiss"]
[EventRounds "9"]
[EventCountry "CAN"]
[SourceTitle "hb 2017"]

1. Nf3 Nf6 2. c4 g6 3. g3 Bg7 4. Bg2 O-O 5. O-O d6 6. d4 Nbd7 7. Nc3 c6 8. h3 e5 9. Be3 Re8 10. dxe5 dxe5 11. Qc1 Nb6 12. b3 Qc7 13. a4 Bf5 14. g4 Be6 15. Ng5 h5 16. Nxe6 Rxe6 17. g5 Nh7 18. Ne4 Rd8 19. Rd1 Ree8 20. Qa3 Nc8 21. c5 Rxd1+ 22. Rxd1 Rd8 23. Rxd8+ Qxd8 24. Qc1 Nf8 25. b4 Ne6 26. b5 Ne7 27. Nd6 Qd7 28. Qb1 Nd4 29. Bxd4 exd4 30. bxc6 bxc6 31. Qb8+ Bf8 32. Ne8 Qc8 33. Nf6+ Kg7 34. Qe5 Qe6 35. Nxh5+ Kg8 36. Nf6+ Kg7 37. Qxd4 Nf5 38. Qb2 Bxc5 39. e4 Bd4 40. Qd2 Ng3 41. Kh2 1-0

[Event "Festival St-Denis"]
[Site "Montreal CAN"]
[Date "2017.07.22"]
[Round "1.13"]
[White "Robichaud, Louis"]
[Black "Steinberg, Ellis"]
[Result "1-0"]
[WhiteElo "2152"]
[BlackElo "1815"]
[WhiteFideId "-1"]
[WhiteFideId "-1"]
[PlyCount "67"]
[GameId "2160767908347768"]
[EventDate "2017.07.22"]
[EventType "swiss"]
[EventRounds "9"]
[EventCountry "CAN"]
[SourceTitle "hb 2017"]

1. e4 g6 2. d4 d6 3. f4 d5 4. e5 h5 5. Nf3 Nh6 6. Be3 Bf5 7. h3 e6 8. Nbd2 Be7 9. Ng5 Nd7 10. Be2 h4 11. O-O c5 12. Bb5 cxd4 13. Bxd4 Bxg5 14. fxg5 Qxg5 15. Bxd7+ Kxd7 16. Nf3 Qe7 17. c4 Rhc8 18. Qa4+ Rc6 19. cxd5 exd5 20. Be3 Ng8 21. Nd4 Qxe5 22. Bf2 Qf4 23. Qb5 Qc7 24. Qxd5+ Rd6 25. Qxf7+ Ne7 26. Nb5 Be6 27. Qh7 Bg8 28. Qg7 Qa5 29. Nxd6 Kxd6 30. Rad1+ Nd5 31. Bxh4 Qxa2 32. Qe7+ Kc6 33. Rc1+ Kb5 34. Qc5+ 1-0

[Event "Festival St-Denis"]
[Site "Montreal CAN"]
[Date "2017.07.22"]
[Round "1.14"]
[White "Goldner, John"]
[Black "Saha, Ananda"]
[Result "0-1"]
[WhiteElo "1766"]
[BlackElo "2144"]
[WhiteFideId "-1"]
[WhiteFideId "-1"]
[PlyCount "98"]
[GameId "2160767908347769"]
[EventDate "2017.07.22"]
[EventType "swiss"]
[EventRounds "9"]
[EventCountry "CAN"]
[SourceTitle "hb 2017"]

1. e4 c5 2. Nf3 e6 3. d4 cxd4 4. Nxd4 a6 5. Nc3 Qc7 6. Be2 Nf6 7. O-O Be7 8. a4 d6 9. Kh1 b6 10. Be3 Bb7 11. f3 h5 12. Rc1 Nbd7 13. Nb3 d5 14. exd5 Nxd5 15. Nxd5 Bxd5 16. c4 Bb7 17. Nd4 Bd6 18. Bg1 Nf6 19. Qe1 h4 20. Bd3 Nh5 21. Ne2 Ng3+ 22. Nxg3 hxg3 23. h3 Bf4 24. Rc2 O-O-O 25. Be4 Rh6 26. Bxb7+ Qxb7 27. Qe4 Qxe4 28. fxe4 g5 29. Bxb6 Rdh8 30. b4 e5 31. Kg1 Rxb6 32. b5 g4 33. c5 Rbh6 34. c6 gxh3 35. Re2 hxg2 36. Kxg2 Rh2+ 37. Kf3 Rxe2 38. Kxe2 Rh2+ 39. Kf3 axb5 40. axb5 Rb2 41. Rg1 Rxb5 42. Rg2 Rc5 43. Kg4 Rxc6 44. Kf3 Rc3+ 45. Kg4 Rd3 46. Rc2+ Kd7 47. Ra2 Rd2 48. Ra1 g2 49. Kf3 Bh2 0-1

[Event "Festival St-Denis"]
[Site "Montreal CAN"]
[Date "2017.07.22"]
[Round "1.15"]
[White "Bassel, Charaf"]
[Black "Gil, Bernardo"]
[Result "1-0"]
[WhiteElo "2109"]
[BlackElo "1762"]
[WhiteFideId "-1"]
[WhiteFideId "-1"]
[PlyCount "85"]
[GameId "2160767908347770"]
[EventDate "2017.07.22"]
[EventType "swiss"]
[EventRounds "9"]
[EventCountry "CAN"]
[SourceTitle "hb 2017"]

1. c4 g6 2. d4 Bg7 3. Nf3 Nf6 4. Nc3 O-O 5. g3 d5 6. Bg2 e6 7. O-O b6 8. Ne5 Bb7 9. Bg5 h6 10. Bxf6 Bxf6 11. cxd5 exd5 12. Qb3 c6 13. Rfd1 Nd7 14. e4 Nxe5 15. dxe5 Bxe5 16. exd5 Qc7 17. Rac1 Bxc3 18. dxc6 Bc8 19. Qxc3 Be6 20. h4 Rad8 21. a3 Rxd1+ 22. Rxd1 Rc8 23. Qf6 h5 24. Be4 Re8 25. Rd4 b5 26. Kg2 Qe7 27. Qxe7 Rxe7 28. Rd8+ Kg7 29. Rb8 Bc4 30. Bf3 a6 31. Ra8 b4 32. axb4 Bb5 33. Rc8 Kf6 34. g4 hxg4 35. Bxg4 Ke5 36. Kg3 Kd6 37. Bf3 Rc7 38. Rxc7 Kxc7 39. Bd5 Bxc6 40. Bxf7 Be4 41. Kf4 Bf5 42. h5 Kd6 43. h6 1-0

[Event "Festival St-Denis"]
[Site "Montreal CAN"]
[Date "2017.07.23"]
[Round "2.2"]
[White "Mikhalevski, Victor"]
[Black "Huang, Qiuyu"]
[Result "1/2-1/2"]
[WhiteElo "2600"]
[BlackElo "2265"]
[WhiteFideId "-1"]
[WhiteFideId "-1"]
[PlyCount "76"]
[GameId "2160767908347772"]
[EventDate "2017.07.22"]
[EventType "swiss"]
[EventRounds "9"]
[EventCountry "CAN"]

1. c4 e6 2. e4 c5 3. Nf3 d6 4. d4 cxd4 5. Nxd4 a6 6. Nc3 Nf6 7. Be2 Be7 8. O-O Qc7 9. Be3 Nbd7 10. Rc1 b6 11. f4 Bb7 12. f5 e5 13. Nd5 Qd8 14. Nb3 Nxe4 15. Bf3 Bg5 16. Bxg5 Nxg5 17. Nf6+ Nxf6 18. Bxb7 Ra7 19. Bc6+ Ke7 20. Qe2 h6 21. h4 Ngh7 22. Rfd1 Qc8 23. Bf3 Rd8 24. Qe3 Nd7 25. f6+ Nhxf6 26. g4 Nc5 27. Nd4 e4 28. g5 hxg5 29. hxg5 Ng4 30. Qe2 Ne5 31. Bxe4 Nxe4 32. Qxe4 g6 33. Qf4 Kf8 34. Kg2 Qg4+ 35. Qxg4 Nxg4 36. Nc6 Ne3+ 37. Kf3 Nxd1 38. Rxd1 Rad7 1/2-1/2

[Event "Festival St-Denis"]
[Site "Montreal CAN"]
[Date "2017.07.23"]
[Round "2.4"]
[White "Yu, Zong Yang"]
[Black "Voskanyan, Vahagn"]
[Result "1-0"]
[WhiteElo "2479"]
[BlackElo "2255"]
[WhiteFideId "-1"]
[WhiteFideId "-1"]
[PlyCount "87"]
[GameId "2160767908347774"]
[EventDate "2017.07.22"]
[EventType "swiss"]
[EventRounds "9"]
[EventCountry "CAN"]

1. d4 d5 2. c4 c6 3. Nf3 Nf6 4. Nc3 e6 5. Bg5 h6 6. Bxf6 Qxf6 7. Qb3 Nd7 8. e4 dxe4 9. Nxe4 Qf4 10. Bd3 Be7 11. O-O O-O 12. Rfe1 b6 13. Rad1 Bb7 14. Bb1 Rad8 15. c5 Qc7 16. Qc2 g6 17. Ng3 Rfe8 18. Rxe6 Nf8 19. Ree1 bxc5 20. dxc5 Bc8 21. Rxd8 Rxd8 22. b4 Be6 23. a3 a5 24. Ba2 Bxa2 25. Qxa2 Rd5 26. Nf1 Bf6 27. Ne3 Rd3 28. Rd1 Rxd1+ 29. Nxd1 axb4 30. axb4 Ne6 31. Ne3 Qd7 32. g3 h5 33. h4 Kg7 34. Qa6 Bc3 35. Qc4 Bf6 36. Kg2 Nc7 37. Ne1 Nb5 38. Nd3 Nc7 39. Nc1 Nb5 40. Nb3 Nc7 41. Na5 Qe8 42. Nb7 Qe7 43. Nd6 Be5 44. Ndf5+ 1-0